00716nam a2200169 a 450000100100000000500170001000800410002704000250006810000370009324501160013026000270024630000110027370000340028495201050031895201060042399900170052900003949820201002031700.0130703s2004 dr 000 0 spa d aDO-SdBNPbspacBNPHU1 aCarnegie, Daled1888-1955.9814210aCómo suprimir las preocupaciones y disfrutar de la vida /cDale Carnegie ; traducción de Miguel de Hernani. a[s.n. :bs.n.,c190?]. a209 p.1 aHernani, Miguel deetr.94206 0010718PDaPDbPDcCTd2013-07-03iLF1l0o p39498-10r2020-06-25w2020-06-25yLFPDZNo se presta 00107-18PDaPDbPDcOId2013-07-04iLF1l0o p39499-10r2020-06-25w2020-06-25yLFPDZNo se presta c38988d38988